| 000 | 00925nam a2200253 i 4500 | ||
|---|---|---|---|
| 001 | 104767 | ||
| 003 | ES-MaACL | ||
| 005 | 20250813030627.0 | ||
| 007 | t| | ||
| 008 | 051212s1972 sp ||||1| spa d | ||
| 100 | 1 |
_aMiraglia, Ferruccio. _981479 |
|
| 245 | 1 | 0 |
_aSerás madre: _bla mujer desde la adolescencia a la maternidad : preparación psicoprofiláctica para el parto / _cFerruccio Miraglia, Ezio Orlandini, Giuseppe Micheletti ; [traducción de Atilio Pentimalli]. |
| 250 | _a1ª ed. | ||
| 260 |
_aBarcelona : _bNoguer, _c1972. |
||
| 300 |
_a340 p., VIII lám. : _bil. ; _c23 cm. |
||
| 650 | 4 |
_aMujeres- _xConducta sexual _915259 |
|
| 650 | 0 | 7 |
_aEmbarazo _2embne _912177 |
| 650 |
_aPreparación al parto. _9171470 |
||
| 700 | 1 |
_aOrlandini, Ezio. _987278 |
|
| 700 | 1 |
_aMicheletti, Giuseppe. _980923 |
|
| 700 | 1 |
_aPentimalli, Atilio. _990195 |
|
| 852 |
_aES-MaACL _jC-44217 |
||
| 999 |
_c104767 _d104767 |
||